Vector Mechanics for Engineers : (Record no. 17559)
[ view plain ]
| 000 -LEADER | |
|---|---|
| fixed length control field | 00975cam a22002894a 4500 |
| 001 - CONTROL NUMBER | |
| control field | 14291537 |
| 005 - DATE AND TIME OF LATEST TRANSACTION | |
| control field | 20161009143348.0 |
| 008 - FIXED-LENGTH DATA ELEMENTS--GENERAL INFORMATION | |
| fixed length control field | 060308s2010 iaua r 001 0 eng |
| 010 ## - LIBRARY OF CONGRESS CONTROL NUMBER | |
| LC control number | 2006008102 |
| 020 ## - INTERNATIONAL STANDARD BOOK NUMBER | |
| International Standard Book Number | 1259007936 |
| 020 ## - INTERNATIONAL STANDARD BOOK NUMBER | |
| International Standard Book Number | 9781259007934 |
| 082 00 - DEWEY DECIMAL CLASSIFICATION NUMBER | |
| Classification number | 620.1054 |
| Edition number | 22 |
| Item number | VEC |
| 100 1# - MAIN ENTRY--PERSONAL NAME | |
| Personal name | Beer, Ferdinand P. |
| Fuller form of name | (Ferdinand Pierre), |
| Dates associated with a name | 1915-2003 |
| 9 (RLIN) | 12477 |
| 245 00 - TITLE STATEMENT | |
| Title | Vector Mechanics for Engineers : |
| Remainder of title | Dynamics / |
| Statement of responsibility, etc | Ferdinand P Beer; E Russell Johnston Jr; Phillip J Cornwell |
| 250 ## - EDITION STATEMENT | |
| Edition statement | 10th ed. |
| 260 ## - PUBLICATION, DISTRIBUTION, ETC. (IMPRINT) | |
| Place of publication, distribution, etc | Dubuque, IA : |
| Name of publisher, distributor, etc | McGraw-Hill/Higher Education, |
| Date of publication, distribution, etc | c2013. |
| 300 ## - PHYSICAL DESCRIPTION | |
| Extent | xxx, 1314 p. ; (various pagings): |
| Other physical details | col. ill. ; |
| Dimensions | 27 cm. |
| 500 ## - GENERAL NOTE | |
| General note | Includes index. |
| 650 #0 - SUBJECT ADDED ENTRY--TOPICAL TERM | |
| Topical term or geographic name as entry element | Dynamics. |
| 9 (RLIN) | 31064 |
| Source of heading or term | BUEsh |
| 650 #0 - SUBJECT ADDED ENTRY--TOPICAL TERM | |
| Topical term or geographic name as entry element | Mechanics, Applied. |
| 9 (RLIN) | 31066 |
| Source of heading or term | BUEsh |
| 651 ## - SUBJECT ADDED ENTRY--GEOGRAPHIC NAME | |
| Source of heading or term | BUEsh |
| 653 ## - INDEX TERM--UNCONTROLLED | |
| Arrived date list | October2013 |
| 650 #0 - SUBJECT ADDED ENTRY--TOPICAL TERM | |
| 9 (RLIN) | 31065 |
| Topical term or geographic name as entry element | Vector analysis |
| Source of heading or term | BUEsh |
| 700 1# - ADDED ENTRY--PERSONAL NAME | |
| Personal name | Cornwell, Phillip J. |
| Dates associated with a name | 1915- |
| 9 (RLIN) | 34243 |
| 700 1# - ADDED ENTRY--PERSONAL NAME | |
| Personal name | Johnston, E. Russell |
| 9 (RLIN) | 34242 |
| 942 ## - ADDED ENTRY ELEMENTS (KOHA) | |
| Source of classification or shelving scheme | Dewey Decimal Classification |
| Item type | NB - Book (Non borrowing) |
| Withdrawn status | Item status | Source of classification or shelving scheme | Materials specified (bound volume or other part) | Damaged status | Not for loan | Vendor | Home library | Current library | Shelving location | Date acquired | Source of acquisition | Total Checkouts | Full call number | Barcode | Date last seen | Koha item type | Total Renewals | Date last borrowed |
|---|---|---|---|---|---|---|---|---|---|---|---|---|---|---|---|---|---|---|
| Lost | Dewey Decimal Classification | Lost In Inventory_2015-8-23 | Baccah | Central Library | Central Library | First floor | 29/09/2013 | 620.1054 VEC | 000029020 | 29/09/2013 | NB - Book (Non borrowing) | |||||||
| Dewey Decimal Classification | Baccah | Central Library | Central Library | First floor | 29/09/2013 | 10 | 620.1054 VEC | 000029021 | 15/07/2025 | Book - Borrowing | 25 | 07/11/2017 | ||||||
| Dewey Decimal Classification | Baccah | Central Library | Central Library | First floor | 29/09/2013 | 9 | 620.1054 VEC | 000029022 | 15/07/2025 | Book - Borrowing | 21 | 12/12/2017 | ||||||
| Dewey Decimal Classification | Baccah | Central Library | Central Library | First floor | 28/10/2013 | 11 | 620.1054 VEC | 000029541 | 15/07/2025 | Book - Borrowing | 38 | 27/11/2018 |